000 00429nam a2200181Ia 4500
001 939
005 20260306140555.0
008 260306t1996||||xx |||||||||||||| ||spa||
041 _aESP
082 _a174.4
_bG64
100 _aGómez Pérez, Rafael
_eAUT
245 0 _aÉtica empresarial:
_bteoría y casos
260 _c1996
300 _a166 páginas :
_c20 cm.
650 _aGEN
654 _aCHU
942 _cLIB
_dJUS
_fJUS
_2ddc
_n
999 _c939
_d939